Manažerské účetnictví

Pokračovanie z č. 3/2001. Informácie o diferenciácii cien poskytované riadiacim pracovníkom. Krátkodobé rozhodovania o zmenách v objeme a štruktúre predávaných výkonov. Stanovenie hranice ceny doplnkových výkonov. Informácie o základných premenných pri plánovaní a kontrole zisku. Príklady.

Saved in:
Bibliographic Details
Main Author: Fibírová, Jana
Format: Book Chapter
Language:Czech
Subjects:
Tags: Add Tag
No Tags, Be the first to tag this record!

MARC

LEADER 00000naa a2200000 4500
001 r042049
005 20230913085603.9
041 0 |a cze 
044 |a CZ 
245 1 0 |a Manažerské účetnictví  |c Jana Fibírová 
520 |a Pokračovanie z č. 3/2001. Informácie o diferenciácii cien poskytované riadiacim pracovníkom. Krátkodobé rozhodovania o zmenách v objeme a štruktúre predávaných výkonov. Stanovenie hranice ceny doplnkových výkonov. Informácie o základných premenných pri plánovaní a kontrole zisku. Príklady. 
610 2 0 |a účtovníctvo manažérske 
610 2 0 |a rozhodovanie manažérske 
610 2 0 |a rozhodovanie 
610 2 0 |a ceny 
610 2 0 |a politika cenová 
610 2 0 |a tvorba cien 
610 2 0 |a informácie 
610 2 0 |a diferenciácia cenová 
610 2 0 |a výkony podnikové 
610 2 0 |a plánovanie zisku 
100 1 |a Fibírová, Jana